书目信息 |
| 题名: |
农民投资指南
|
|
| 作者: | 韩士元 主编 ;于捷 编著 | |
| 分册: | ||
| 出版信息: | 北京 金盾出版社 1997 |
|
| 页数: | 183页 | |
| 开本: | 19cm | |
| 丛书名: | ||
| 单 册: | ||
| 中图分类: | F832.48-62 , F832.4 | |
| 科图分类: | 29.795073 | |
| 主题词: | 农民--私人投资--中国--手册 , CT--S055571--农民 , CT--S070847--私人投资 | |
| 电子资源: | ||
| ISBN: | 7-5082-0478-6 | |
| 000 | 00750nam0 2200265 450 | |
| 001 | 2362325350 | |
| 005 | 20231222171910.43 | |
| 010 | @a7-5082-0478-6@dCNY 11.00 | |
| 100 | @a19971223d1997 em y0chiy0110 ea | |
| 101 | 0 | @achi |
| 102 | @aCN@b110000 | |
| 105 | @ay z 000yy | |
| 200 | 1 | @a农民投资指南@Anong min tou zi zhi nan@b专著@f韩士元主编@g于捷等编著 |
| 210 | @a北京@c金盾出版社@d1997 | |
| 215 | @a183页@d19cm | |
| 606 | 0 | @a农民@x私人投资@y中国@x手册 |
| 606 | 0 | @2CT@3S055571@a农民 |
| 606 | 0 | @2CT@3S070847@a私人投资 |
| 690 | @aF832.48-62@v5 | |
| 690 | @aF832.4@v4 | |
| 692 | @a29.795073@v2 | |
| 701 | 0 | @a韩士元@Ahan shi yuan@4主编 |
| 702 | 0 | @a于捷@Ayu jie@4编著 |
| 801 | 2 | @aCN@b辽宁北配@c20231205 |
| 905 | @aBZT@dF832.4@e22 | |
| 农民投资指南/韩士元主编/于捷等编著.-北京:金盾出版社,1997 |
| 183页;19cm |
| ISBN 7-5082-0478-6:CNY 11.00 |
| ● |
| 相关链接 |
|
|
|
正题名:农民投资指南
索取号:F832.4/22
 
预约/预借
| 序号 | 登录号 | 条形码 | 馆藏地/架位号 | 状态 | 备注 |
| 1 | 2001680019 | 2001680019 | 516书库/ [索取号:F832.4/22] | 在馆 | |
| 2 | 2001680020 | 2001680020 | 516书库/ [索取号:F832.4/22] | 在馆 | |
| 3 | 2001680021 | 2001680021 | 516书库/ [索取号:F832.4/22] | 在馆 | |
| 4 | 2001680022 | 2001680022 | 516书库/ [索取号:F832.4/22] | 在馆 | |
| 5 | 2001680023 | 2001680023 | 516书库/ [索取号:F832.4/22] | 在馆 | |
| 6 | 2001680024 | 2001680024 | 516书库/ [索取号:F832.4/22] | 在馆 | |
| 7 | 2001680025 | 2001680025 | 516书库/ [索取号:F832.4/22] | 在馆 | |
| 8 | 2001680026 | 2001680026 | 516书库/ [索取号:F832.4/22] | 在馆 | |
| 9 | 2001680027 | 2001680027 | 516书库/ [索取号:F832.4/22] | 在馆 | |
| 10 | 2001680028 | 2001680028 | 516书库/ [索取号:F832.4/22] | 在馆 | |
| 11 | 2001680029 | 2001680029 | 516书库/ [索取号:F832.4/22] | 在馆 | |
| 12 | 2001680030 | 2001680030 | 516书库/ [索取号:F832.4/22] | 在馆 | |
| 13 | 2001680031 | 2001680031 | 516书库/ [索取号:F832.4/22] | 在馆 | |
| 14 | 2001680032 | 2001680032 | 516书库/ [索取号:F832.4/22] | 在馆 | |
| 15 | 2001680033 | 2001680033 | 516书库/ [索取号:F832.4/22] | 在馆 | |
| 16 | 2001680034 | 2001680034 | 516书库/ [索取号:F832.4/22] | 在馆 | |
| 17 | 2001680035 | 2001680035 | 516书库/ [索取号:F832.4/22] | 在馆 | |
| 18 | 2001680036 | 2001680036 | 516书库/ [索取号:F832.4/22] | 在馆 | |
| 19 | 2001680037 | 2001680037 | 516书库/ [索取号:F832.4/22] | 在馆 | |
| 20 | 2001680038 | 2001680038 | 516书库/ [索取号:F832.4/22] | 在馆 | |
| 21 | 2001680039 | 2001680039 | 516书库/ [索取号:F832.4/22] | 在馆 | |
| 22 | 2001680040 | 2001680040 | 516书库/ [索取号:F832.4/22] | 在馆 | |
| 23 | 2001680041 | 2001680041 | 516书库/ [索取号:F832.4/22] | 在馆 | |
| 24 | 2001680042 | 2001680042 | 516书库/ [索取号:F832.4/22] | 在馆 | |
| 25 | 2001680043 | 2001680043 | 516书库/ [索取号:F832.4/22] | 在馆 | |
| 26 | 2001680044 | 2001680044 | 516书库/ [索取号:F832.4/22] | 在馆 | |
| 27 | 2001680045 | 2001680045 | 516书库/ [索取号:F832.4/22] | 在馆 | |
| 28 | 2001680046 | 2001680046 | 516书库/ [索取号:F832.4/22] | 在馆 | |
| 29 | 2001680047 | 2001680047 | 516书库/ [索取号:F832.4/22] | 在馆 | |
| 30 | 2001680048 | 2001680048 | 516书库/ [索取号:F832.4/22] | 在馆 |